02076nam a2200241Ia 4500001000600000003000900006008004100015040001300056040001300069041001300082100002100095100002900116245009700145245009700242250001100339260000900350260001200359260004900371300005600420500129200476650003501768650003101803H2919IT-RoPAU130308s9999 xx 000 0 und d aIT-RoPAU cIT-RoPAU aITALIANO aPetralli Alessio gCodice Aut. SPICS: 47608 aMedia in scena e nuovi linguaggi. Comunicare nell'epoca del digitale e delle globalizzazioni bMedia in scena e Nuovi Linguaggi. comunicare nell'epoca del Digitale e delle Globalizzazioni a1a ed. aROMA bCarocci c2003 [1° Ed.:2003 - Ed.Ling.Originale:2003] a"264 p. (prefazione: 22; testo: 242 [pagine: 0-0])" a"Prefazione di Stephan Russ Mohl. Consapevolezza del Cambiamento. Esperienze Avanzate e Scenari: Etere, Cavo, Satellite; passaggio al Digitale; Futurodell'All News. integrazione e Specializzazione. Interattivita': forme di Interattivita'; Interattività Evoluta. tv e Web. Archivi e Copyright. Fondamentali per la Notizia: Formazione; comunicare Il Cambiamento. Servizio Pubblico nel Digitale: comunicare la Transizione. Media in Scena: Ibridazione.Verso la convergenza Finale: Metadati. messa in scena Nei Media: Creatività e Standardizzazione; Fonti globali dei Media; Qualità e Quantita'; a buon mercato e Costoso; Estensione del Marchio. Messaggio Mediale e Multimediale: Tempo e Spazio; Tempo dell'Oralità e Spazio della Scrittura; Velocità e Lentezza; Diretta e Differita; Globale e Locale; internet e Pubblicita'; testo e Immagine; Contesto e Ipertesto. Lingue Speciali. Lingua dell'Economia e Divulgazione: Debiti Linguistici e Metafore, Riformulazioni e Parafrasi. globalizzazione Nei Media: globalizzazione e Titolazione Nei Quotidiani: globalizzazione Economica e Altre Globalizzazioni; Nascita della Globalizzazione; Globalization e termini Affini; Esempi di Cooccorrenze di Globalizzazione; regole per Il tutto Globale. Riferimenti Bibliografici. indice dei Nomi." aSAGGI DI COMUNICAZIONE SOCIALE eCodice materia Spics: 3807